<?xml version="1.0" encoding="UTF-8"?>
<marc:record xmlns:marc="http://www.loc.gov/MARC21/slim">
   <marc:leader>00000nam a2200000 a 4500</marc:leader>
   <marc:datafield ind1="1" ind2=" " tag="100">
      <marc:subfield code="a">Delaney, Joseph</marc:subfield>
      <marc:subfield code="4">aut</marc:subfield>
      <marc:subfield code="e">Verfasser/-in</marc:subfield>
   </marc:datafield>
   <marc:datafield ind1="0" ind2="0" tag="245">
      <marc:subfield code="a">Der Fluch des Geisterjägers</marc:subfield>
   </marc:datafield>
   <marc:datafield ind1="0" ind2="0" tag="245">
      <marc:subfield code="b">Spook</marc:subfield>
   </marc:datafield>
   <marc:datafield ind1=" " ind2="1" tag="264">
      <marc:subfield code="b">Random House</marc:subfield>
      <marc:subfield code="c">2009</marc:subfield>
   </marc:datafield>
   <marc:datafield ind1="1" ind2=" " tag="490">
      <marc:subfield code="a">Spook</marc:subfield>
   </marc:datafield>
   <marc:datafield ind1="1" ind2=" " tag="520">
      <marc:subfield code="a">Tom Ward ist der siebte Sohn eines siebten Sohnes und Lehrling des Geisterjägers Spook. Um sich zu bewähren, soll er nicht nur einen widerwärtigen Boggart bannen, sondern auch dem teuflischen Bane den Garaus machen, der in den Katakomben einer Kathedrale haust. So viel geballte Garstigkeit und Gefahr machen es beinahe schon unerheblich, dass besagte Kathedrale ausgerechnet im Machtbereich des fanatischen Inquisitors steht. Aber eben nur beinahe</marc:subfield>
   </marc:datafield>
   <marc:datafield ind1="3" ind2=" " tag="024">
      <marc:subfield code="a">9783570220252</marc:subfield>
   </marc:datafield>
</marc:record>
